LEADER 01194nam a2200217 i 4500 001 000000216365 003 CaOOAMICUS 005 20121016000000.0 008 121016s2012 it u000 u ita u 013 $a195254 040 $aSeMil$bita 100 1 $aConvegno Nazionale delle Caritas Diocesane <35 ; 2011>.$0(OLS)http://semarc/name/76579 245 13$aLa Chiesa che educa servendo carità :$b... si mise ad insegnareloro molte cose : atti del 35. Convegno nazionale delle Caritas diocesane : Fiuggi Terme (FR), PalaFiuggi, 21-23 novembre 2011. 260 $aRoma :$bCaritas Italiana,$c2012. 300 $a231 p., [8] p. di tav. :$bill. ;$c21 cm. 650 4$aCaritas diocesane - Congressi.$0(OLS)http://semarc/subject/21707 850 $aSeMil 852 $aSeMil$W1$xVenegono$y1$m3E I 18$j166784$B166784$CSeMilBibl$Z2$F179238 $81 961 $aOmaggio: Delpini mons. Mario 996 $6245$aLa Chiesa che educa servendo carità :$b... si mise ad insegnareloro molte cose : atti del 35. Convegno nazionale delle Caritas diocesane : Fiuggi Terme (FR), PalaFiuggi, 21-23 novembre 2011$9(OLS)http://semarc/title/311147 996 $6260$aRoma :$bCaritas Italiana$9(OLS)http://semarc/publisher/34763 LEADER 00977nam a2200241 i 4500 001 000000064150 003 CaOOAMICUS 005 20150907000000.0 008 150907s1966 it u000 u ita u 013 $a35322 040 $aSeMil$bita 100 1 $aWollenborg, Leo J.$0(OLS)http://semarc/name/32388 245 10$aItalia al rallentatore :$bcronache politiche 1949-1966 /$cLeo J. Wollenborg. 260 $aBologna :$bIl Mulino,$ccopyr. 1966. 300 $a498 p. ;$c22 cm. 490 0 $aLa specola contemporanea 650 4$aItalia - Storia - Sec. 20.$0(OLS)http://semarc/subject/254 830 3$aLa specola contemporanea.$0(OLS)http://semarc/title/24357 850 $aSeMil 852 $aSeMil$W1$xVenegono$y1$m3N V 423$j30303$B30303$CSeMilBibl$Z2$F30306 $81 961 $aOmaggio: Deposito 996 $6245$aItalia al rallentatore :$bcronache politiche 1949-1966$9(OLS)http://semarc/title/101470 996 $6260$aBologna :$bIl Mulino$9(OLS)http://semarc/publisher/29842